书目信息 |
| 题名: |
每天看一点《梅林传奇》轻松学地道口语
|
|
| 作者: | 杨学梅 , 范琳琳 主编 | |
| 分册: | ||
| 出版信息: | 北京 机械工业出版社 2016.11 |
|
| 页数: | 305页 | |
| 开本: | 24cm | |
| 丛书名: | ||
| 单 册: | ||
| 中图分类: | H319.9 | |
| 科图分类: | ||
| 主题词: | 英语--口语--美国--自学参考资料 | |
| 电子资源: | ||
| ISBN: | 978-7-111-54932-1 | |
| 000 | 00971nam0 2200253 450 | |
| 001 | 0100004145 | |
| 005 | 20161122080925.6 | |
| 010 | @a978-7-111-54932-1@dCNY39.80 | |
| 100 | @a20161122d2016 em y0chiy50 ea | |
| 101 | 0 | @achi@aeng |
| 102 | @aCN@b110000 | |
| 105 | @aa z 000yy | |
| 106 | @ar | |
| 200 | 1 | @a每天看一点《梅林传奇》轻松学地道口语@Amei tian kan yi dian 《 mei lin chuan qi 》 qing song xue di dao kou yu@f杨学梅,范琳琳主编 |
| 210 | @a北京@c机械工业出版社@d2016.11 | |
| 215 | @a305页@c图@d24cm | |
| 330 | @a《梅林传奇》是2008年由英国广播公司BBC出品的一部魔幻电视剧。该剧以全新的现代视角诠释古老而经典的亚瑟王传说,展示观众们从未见过的新奇领域,描绘了圆桌骑士、湖中精灵、石中剑等传说中的角色和情节。 | |
| 333 | @a英语学习者 | |
| 606 | 0 | @a英语@x口语@y美国@j自学参考资料 |
| 690 | @aH319.9@v5 | |
| 701 | 0 | @a杨学梅@Ayang xue mei@4主编 |
| 701 | 0 | @a范琳琳@Afan lin lin@4主编 |
| 801 | 0 | @aCN@c201701015 |
| 905 | @a河南城建学院图书馆@dH319.9@eY304 | |
| 每天看一点《梅林传奇》轻松学地道口语/杨学梅,范琳琳主编.-北京:机械工业出版社,2016.11 |
| 305页:图;24cm |
| 使用对象:英语学习者 |
| ISBN 978-7-111-54932-1:CNY39.80 |
| 《梅林传奇》是2008年由英国广播公司BBC出品的一部魔幻电视剧。该剧以全新的现代视角诠释古老而经典的亚瑟王传说,展示观众们从未见过的新奇领域,描绘了圆桌骑士、湖中精灵、石中剑等传说中的角色和情节。 |
| ● |
| 相关链接 |
|
|
|
正题名:每天看一点《梅林传奇》轻松学地道口语
索取号:H319.9/Y304
 
预约/预借
| 序号 | 登录号 | 条形码 | 馆藏地/架位号 | 状态 | 备注 |
| 1 | 1363122 | 213631220 | 语言库209/209语言库 111排2列1层/ [索取号:H319.9/Y304] | 在馆 | |
| 2 | 1363123 | 213631239 | 语言库209/209语言库 111排2列1层/ [索取号:H319.9/Y304] | 在馆 |